Southville International School and Colleges
Your cart is empty.
  • Cart
  • Lists
    Public lists Eva Luna New books Lux_list list_1
    Your lists Log in to create your own lists
  • Log in to your account
  • Your cookies
  • Search history
Southville International School and Colleges
  • Advanced search
  • Recent comments
  • Most popular
  • Libraries

Log in to your account

Log in with GOOGLE


If you do not have an external account, but do have a local account, you can still log in:

  1. Home
  2. MARC view: Practical drawing and sketching :
Normal view MARC view ISBD view

Practical drawing and sketching : (Record no. 10465)

[ view plain ]
MARC details
000 -LEADER
fixed length control field 00612nam a22002057a 4500
003 - CONTROL NUMBER IDENTIFIER
control field SISC
005 - DATE AND TIME OF LATEST TRANSACTION
control field 20160317152920.0
008 - FIXED-LENGTH DATA ELEMENTS--GENERAL INFORMATION
fixed length control field 130906t xxu||||| |||| 00| 0 eng d
020 ## - INTERNATIONAL STANDARD BOOK NUMBER
International Standard Book Number 1851705600
050 ## - LIBRARY OF CONGRESS CALL NUMBER
Classification number NC 730
Item number .W894 1997
082 ## - DEWEY DECIMAL CLASSIFICATION NUMBER
Classification number HS 741.2
Item number W85 1995
100 ## - MAIN ENTRY--PERSONAL NAME
Personal name Woods, Gerald
9 (RLIN) 16693
245 ## - TITLE STATEMENT
Title Practical drawing and sketching :
Remainder of title the comprehensive guide to materials and techniques /
Statement of responsibility, etc Gerald Woods.
260 ## - PUBLICATION, DISTRIBUTION, ETC. (IMPRINT)
Place of publication, distribution, etc London :
Name of publisher, distributor, etc Random House,
Date of publication, distribution, etc 1995.
300 ## - PHYSICAL DESCRIPTION
Extent 144 p. ;
Other physical details ill. col. ;
Dimensions 25 cm.
650 ## - SUBJECT ADDED ENTRY--TOPICAL TERM
Topical term or geographic name as entry element Drawing
9 (RLIN) 15957
650 ## - SUBJECT ADDED ENTRY--TOPICAL TERM
Topical term or geographic name as entry element Sketching
9 (RLIN) 15956
942 ## - ADDED ENTRY ELEMENTS (KOHA)
Source of classification or shelving scheme Library of Congress Classification
Koha item type Books
Holdings
Withdrawn status Lost status Source of classification or shelving scheme Damaged status Home library Current library Shelving location Date acquired Total Checkouts Total Renewals Full call number Barcode Date last seen Date checked out Copy number Price effective from Koha item type
    Library of Congress Classification   Luxembourg Library Luxembourg Library High School Section 09/06/2013 2 4 NC 730 .W894 1997 7424 03/17/2016 12/05/2014 1 09/06/2013 Books

Practical drawing and sketching :

APA

Woods G., . (1995). Practical drawing and sketching. London: Random House.

Chicago

Woods Gerald, . 1995. Practical drawing and sketching. London: Random House.

Harvard

Woods G., . (1995). Practical drawing and sketching. London: Random House.

MLA

Woods Gerald, . Practical drawing and sketching. London: Random House. 1995.

  • Place hold
  • Print
  • Cite
  • Add to your cart (remove)
  • Save record
    BIBTEX Dublin Core MARCXML MARC (non-Unicode/MARC-8) MARC (Unicode/UTF-8) MARC (Unicode/UTF-8, Standard) MODS (XML) RIS
  • More searches
    Search for this title in:
    Other Libraries (WorldCat) Other Databases (Google Scholar) Online Stores (Bookfinder.com) Open Library (openlibrary.org)

Exporting to Dublin Core...

SOUTHVILLE LIBRARY

Southville International School and Colleges Library

1281 Tropical Ave. Cor. Luxembourg St., BF Homes International, Las Pinas City

Tel. No. 8256374 / 252358 Loc. 117/146

Powered by Koha